[Event "International Championship of Central Serbia 2015 - OPEN Arbia 2015 - OPEN A"]
[Site "Paracin"]
[Date "2015.07.04"]
[Round "3.1"]
[White "Banusz, Tamas"]
[Black "Lajthajm, Borko"]
[Result "1-0"]
[WhiteElo "2582"]
[BlackElo "2443"]
[PlyCount "183"]
[EventDate "2015.07.03"]

1. Nf3 Nf6 2. g3 c6 3. Bg2 d6 4. d4 h6 5. c4 Bf5 6. O-O Nbd7 7. Ne1 e6 8. d5
cxd5 9. cxd5 e5 10. Nc3 Be7 11. e4 Bg6 12. Nd3 O-O 13. Be3 a6 14. f3 Qb8 15. a4
Rc8 16. Qb3 Bd8 17. Rfc1 Ba5 18. Nd1 Rd8 19. Bf1 Nh7 20. g4 Ng5 21. Kg2 Nxe4
22. fxe4 Bxe4+ 23. Kg1 Nf6 24. Bg2 Bxg2 25. Kxg2 Nxg4 26. Bb6 Bxb6 27. Qxb6 Rd7
28. N3f2 Nxf2 29. Qxf2 Qd8 30. Rc3 Rc8 31. Rxc8 Qxc8 32. Ne3 g6 33. Qf6 h5 34.
Rf1 b5 35. axb5 axb5 36. Rf2 Qd8 37. Qxd8+ Rxd8 38. Rc2 f5 39. Rc7 Ra8 40. h4
Ra2 41. Rc2 Ra4 42. Rc6 Rb4 43. Rxd6 Rxb2+ 44. Kf3 Kf7 45. Re6 f4 46. Nf1 Rb3+
47. Ke2 Rb2+ 48. Nd2 f3+ 49. Ke3 f2 50. Nf1 b4 51. Rxe5 b3 52. d6 Ra2 53. d7
Ra8 54. Rb5 Rd8 55. Rb7 Ke7 56. Rxb3 Rxd7 57. Rb5 Ra7 58. Kxf2 Ra4 59. Kg3 Ra3+
60. Kg2 Ra4 61. Kh3 Kf6 62. Nh2 Rf4 63. Kg3 Ra4 64. Rb3 Ra5 65. Nf3 Ra4 66.
Rb6+ Kf5 67. Rd6 Rg4+ 68. Kf2 Re4 69. Rd5+ Kf6 70. Ra5 Rg4 71. Ke3 Rc4 72. Nd4
Rc3+ 73. Kf4 Rc4 74. Ke4 Rc1 75. Ra6+ Kg7 76. Ne6+ Kh6 77. Ra8 Re1+ 78. Kd5
Rd1+ 79. Kc4 Kh7 80. Ra7+ Kh8 81. Nf4 Rg1 82. Nd5 Kg8 83. Nf6+ Kf8 84. Kd5 Re1
85. Nd7+ Kg8 86. Ne5 Rg1 87. Nf3 Rg4 88. Ke5 Rg3 89. Ng5 Rb3 90. Kf6 Rb6+ 91.
Ne6 Rc6 92. Ra8+ 1-0

[Event "International Championship of Central Serbia 2015 - OPEN Arbia 2015 - OPEN A"]
[Site "Paracin"]
[Date "2015.07.04"]
[Round "3.2"]
[White "Abramovic, Bosko"]
[Black "Damljanovic, Branko"]
[Result "1/2-1/2"]
[WhiteElo "2431"]
[BlackElo "2565"]
[PlyCount "113"]
[EventDate "2015.07.03"]

1. Nf3 c5 2. g3 Nc6 3. Bg2 g6 4. O-O Bg7 5. c4 e6 6. e3 Nge7 7. Nc3 O-O 8. d4
d6 9. d5 Na5 10. Qd3 a6 11. Rb1 b5 12. b3 Rb8 13. Bd2 b4 14. Ne2 exd5 15. cxd5
Bd7 16. Rfe1 Bb5 17. Qe4 Nb7 18. Nf4 Re8 19. Qc2 Nf5 20. Bc1 Rc8 21. Bh3 Bd7
22. Bb2 a5 23. Nd2 Rc7 24. Nc4 Bxb2 25. Qxb2 Ng7 26. Bg2 g5 27. Nd3 Bb5 28. Qc2
Qf6 29. Rbc1 Rce7 30. Qd2 Nf5 31. e4 Nd4 32. f4 gxf4 33. gxf4 Qg6 34. Kh1 Bxc4
35. Rxc4 f6 36. Rcc1 Kh8 37. Qf2 Rg8 38. Re3 Qe8 39. Rce1 Reg7 40. Rg3 Rxg3 41.
hxg3 Qh5+ 42. Kg1 Qg6 43. Re3 Nd8 44. Bh3 Nf7 45. Be6 Re8 46. e5 fxe5 47. Bxf7
Qxf7 48. fxe5 Qg7 49. exd6 Rf8 50. Nf4 Kg8 51. Re7 Qg5 52. Qe3 Nf5 53. Qe6+ Kh8
54. Qe5+ Kg8 55. Qe6+ Kh8 56. Qe5+ Kg8 57. Qe6+ 1/2-1/2

[Event "International Championship of Central Serbia 2015 - OPEN Arbia 2015 - OPEN A"]
[Site "Paracin"]
[Date "2015.07.04"]
[Round "3.3"]
[White "Atalik, Suat"]
[Black "Nestorovic, Dejan"]
[Result "1-0"]
[WhiteElo "2564"]
[BlackElo "2408"]
[PlyCount "139"]
[EventDate "2015.07.03"]

1. Nf3 Nf6 2. c4 e6 3. g3 d5 4. Bg2 a6 5. b3 Bd6 6. O-O O-O 7. d4 c6 8. Bb2
Nbd7 9. Nbd2 b5 10. Qc2 Bb7 11. e4 Bb4 12. e5 Ne8 13. c5 f5 14. Ne1 a5 15. Nd3
Bxd2 16. Qxd2 Nc7 17. a3 Ra7 18. h4 Qe7 19. Nf4 Rfa8 20. f3 Nf8 21. Qf2 Qf7 22.
h5 Ba6 23. b4 Bc8 24. g4 axb4 25. axb4 Ra4 26. Bc3 Qe7 27. Nd3 Bd7 28. Rad1 h6
29. gxf5 exf5 30. f4 Ra2 31. Bb2 Be8 32. Bf3 Kh7 33. Rd2 Nce6 34. Bd1 g6 35.
Nc1 R2a7 36. Qh2 gxh5 37. Bc2 Ng7 38. Qh3 Bg6 39. Rh2 Kh8 40. Nd3 Nfe6 41. Ne1
Bh7 42. Ng2 Ra2 43. Qb3 Qf7 44. Bb1 R2a4 45. Qc3 Rg8 46. Bc2 Ra7 47. Qf3 Ra2
48. Qb3 Ra7 49. Bd1 Ra4 50. Qc3 Ra2 51. Kh1 Rga8 52. Bb3 R2a7 53. Qf3 Ra6 54.
Ne3 Rd8 55. Rd1 Nc7 56. Qh3 Nce6 57. Qh4 Rf8 58. Rg2 Ra7 59. Nxd5 Nc7 60. Rxg7
Qxg7 61. Nf6 Nd5 62. Nxd5 cxd5 63. Bxd5 Rd7 64. Bb3 Rg8 65. Bxg8 Bxg8 66. Rg1
Bd5+ 67. Kh2 Qf7 68. c6 Rc7 69. Qd8+ Kh7 70. e6 1-0

[Event "International Championship of Central Serbia 2015 - OPEN Arbia 2015 - OPEN A"]
[Site "Paracin"]
[Date "2015.07.04"]
[Round "3.4"]
[White "Sedlak, Nikola"]
[Black "Rajkovic, Mladen"]
[Result "1-0"]
[WhiteElo "2537"]
[BlackElo "2259"]
[PlyCount "77"]
[EventDate "2015.07.03"]

1. d4 Nf6 2. Nf3 e6 3. e3 b6 4. Bd3 Bb7 5. O-O d6 6. c4 Nbd7 7. Nc3 Be7 8. e4
e5 9. d5 Nc5 10. Bc2 a5 11. a3 O-O 12. Be3 Bc8 13. b4 Na6 14. h3 Ne8 15. Rb1
axb4 16. axb4 g6 17. Ba4 f5 18. Bc6 Rb8 19. Bh6 Ng7 20. Rb3 f4 21. Qa1 g5 22.
Rfb1 Rf6 23. Bxg7 Kxg7 24. Nxg5 Rg6 25. Ne6+ Bxe6 26. dxe6 f3 27. g3 Bh4 28. e7
Qxe7 29. Nd5 Qf7 30. Ne3 Qf4 31. Ng2 Rxg3 32. fxg3 Qxg3 33. Qb2 Rf8 34. Rf1
Nxb4 35. Bd7 f2+ 36. Kh1 Nd3 37. Qd2 Rf3 38. Nxh4 Qxh4 39. Rxd3 1-0

[Event "International Championship of Central Serbia 2015 - OPEN Arbia 2015 - OPEN A"]
[Site "Paracin"]
[Date "2015.07.04"]
[Round "3.5"]
[White "Fernandez, Daniel Howard"]
[Black "Tselkovskiy, Kirill"]
[Result "1-0"]
[WhiteElo "2472"]
[BlackElo "2137"]
[PlyCount "93"]
[EventDate "2015.07.03"]

1. Nf3 g6 2. d4 Bg7 3. g3 d6 4. Bg2 Nd7 5. O-O e5 6. c4 Ne7 7. Nc3 O-O 8. dxe5
Nxe5 9. Nxe5 dxe5 10. Qxd8 Rxd8 11. Nd5 Nxd5 12. cxd5 Bg4 13. Re1 Bf8 14. Bg5
Re8 15. h3 Bd7 16. Rac1 Bd6 17. e4 Kg7 18. Be3 b6 19. Rc2 f6 20. f3 Kf7 21. Bf1
a5 22. Rec1 Rec8 23. Bd3 h5 24. Kg2 g5 25. Rf1 Rg8 26. Kh2 Ke7 27. a3 a4 28.
Rfc1 Rgc8 29. Kg2 Kf7 30. Bd2 Ke7 31. Be2 Ra7 32. Rh1 h4 33. gxh4 gxh4 34. Be1
Rg8+ 35. Kh2 Bc5 36. Bc4 Rh8 37. Rg2 Raa8 38. Rg7+ Kd6 39. f4 Rag8 40. fxe5+
fxe5 41. Rxg8 Rxg8 42. Rf1 b5 43. Ba2 Rg6 44. Bxh4 Rh6 45. Bg5 Rxh3+ 46. Kg2
Bd4 47. Rf7 1-0

[Event "International Championship of Central Serbia 2015 - OPEN Arbia 2015 - OPEN A"]
[Site "Paracin"]
[Date "2015.07.04"]
[Round "3.6"]
[White "Radovanovic, Nikola"]
[Black "Narayanan, Srinath"]
[Result "0-1"]
[WhiteElo "2420"]
[BlackElo "2464"]
[PlyCount "148"]
[EventDate "2015.07.03"]

1. d4 Nf6 2. c4 g6 3. Nc3 Bg7 4. e4 d6 5. Be2 O-O 6. Bg5 a6 7. Qd2 c5 8. d5 b5
9. cxb5 axb5 10. Bxb5 Qa5 11. Bd3 Nbd7 12. Nf3 Ba6 13. O-O Bxd3 14. Qxd3 Rfb8
15. Rfb1 h6 16. Bd2 Ng4 17. Qe2 Qa6 18. Qxa6 Rxa6 19. h3 Nge5 20. Nxe5 Nxe5 21.
b3 Nd3 22. Kf1 Ra3 23. Bc1 Ra6 24. Bd2 Ra3 25. Bc1 Bxc3 26. Bxa3 Bxa1 27. Rxa1
Ra8 28. Bc1 Nxc1 29. Rxc1 Rxa2 30. Rb1 Ra5 31. Ke2 Rb5 32. Kd3 Rb4 33. f3 f5
34. exf5 gxf5 35. Kc3 Kf7 36. Rd1 h5 37. Rd2 h4 38. Rd1 Kf6 39. Rd2 Kg5 40. Re2
Rd4 41. Rxe7 Rxd5 42. b4 cxb4+ 43. Kxb4 Kf4 44. Kc3 Rd1 45. Rg7 Ke3 46. Kc2 Rg1
47. Rg5 f4 48. Kc3 Rc1+ 49. Kb2 Rc8 50. Kb3 Rc1 51. Kb2 Rg1 52. Kc3 d5 53. Rxd5
Rxg2 54. Rh5 Rg8 55. Kc2 Ke2 56. Rxh4 Rc8+ 57. Kb2 Kxf3 58. Rh7 Kg3 59. Rf7 f3
60. h4 f2 61. h5 Rh8 62. Rg7+ Kf3 63. Rf7+ Kg2 64. Rg7+ Kf1 65. Kc2 Rxh5 66.
Kd2 Rd5+ 67. Kc2 Ke2 68. Re7+ Kf3 69. Rf7+ Ke3 70. Rf8 Rd2+ 71. Kc3 Rd1 72.
Re8+ Kf3 73. Rf8+ Kg3 74. Rg8+ Kh4 0-1

[Event "International Championship of Central Serbia 2015 - OPEN Arbia 2015 - OPEN A"]
[Site "Paracin"]
[Date "2015.07.04"]
[Round "3.7"]
[White "Kozhuharov, Spas"]
[Black "Kovacevic, Bozidar"]
[Result "1-0"]
[WhiteElo "2460"]
[BlackElo "2000"]
[PlyCount "90"]
[EventDate "2015.07.03"]

1. d4 Nf6 2. c4 g6 3. Nc3 d5 4. Nf3 Bg7 5. Bf4 c6 6. e3 a6 7. h3 Nbd7 8. cxd5
Nxd5 9. Nxd5 cxd5 10. Be2 Nf6 11. O-O O-O 12. Qb3 Ne4 13. Rfc1 b5 14. a4 bxa4
15. Rxa4 Ra7 16. Qa2 e6 17. Bxa6 Bd7 18. Bb5 Rxa4 19. Qxa4 Bxb5 20. Qxb5 g5 21.
Be5 Bxe5 22. Nxe5 f5 23. Qa6 Re8 24. f3 Ng3 25. Rc6 f4 26. Rxe6 Re7 27. exf4
gxf4 28. Rxe7 Qxe7 29. Qa8+ Kg7 30. Qxd5 Qa7 31. Qd7+ Qxd7 32. Nxd7 Ne2+ 33.
Kf2 Nxd4 34. Nc5 Kg6 35. b4 Kf5 36. Ne4 Ke5 37. Nc3 Ne6 38. b5 Kd4 39. b6 Nd8
40. Ne2+ Kc5 41. Nxf4 Kxb6 42. Nd5+ Kc6 43. Nf6 h6 44. Ng4 Nf7 45. Kg3 Kd5 1-0

[Event "International Championship of Central Serbia 2015 - OPEN Arbia 2015 - OPEN A"]
[Site "Paracin"]
[Date "2015.07.04"]
[Round "3.8"]
[White "Ratkovic, Milovan"]
[Black "Nestorovic, Nikola"]
[Result "1/2-1/2"]
[WhiteElo "2385"]
[BlackElo "2452"]
[PlyCount "75"]
[EventDate "2015.07.03"]

1. d4 Nf6 2. Bg5 Ne4 3. h4 f6 4. Bc1 d5 5. e3 c5 6. Bd3 Nc6 7. Ne2 e5 8. dxe5
Nxe5 9. Bxe4 dxe4 10. Qxd8+ Kxd8 11. b3 Bd7 12. Bb2 Ng4 13. Nbc3 Bc6 14. Nf4
Ke8 15. Rd1 Kf7 16. O-O Be7 17. Nfe2 Rhe8 18. Ng3 Bf8 19. a4 a6 20. Rd2 g6 21.
Nd5 Rad8 22. Rfd1 b5 23. a5 Bxd5 24. Rxd5 Rxd5 25. Rxd5 Ke6 26. Rd1 f5 27. Ne2
Bd6 28. Kf1 Re7 29. Ng1 Rd7 30. Nh3 h6 31. Ke2 Be5 32. Nf4+ Bxf4 33. Rxd7 Kxd7
34. exf4 h5 35. Bg7 Ke6 36. f3 Nf6 37. Bxf6 Kxf6 38. c4 1/2-1/2

[Event "International Championship of Central Serbia 2015 - OPEN Arbia 2015 - OPEN A"]
[Site "Paracin"]
[Date "2015.07.04"]
[Round "3.9"]
[White "Mladenovic, Stefan"]
[Black "Djukic, Nikola"]
[Result "1/2-1/2"]
[WhiteElo "2341"]
[BlackElo "2543"]
[PlyCount "109"]
[EventDate "2015.07.03"]

1. d4 Nf6 2. Nf3 g6 3. g3 Bg7 4. Bg2 O-O 5. O-O d6 6. a4 a5 7. Re1 Nbd7 8. e4
e5 9. c3 b6 10. Bg5 h6 11. Bxf6 Qxf6 12. Nbd2 Re8 13. Nc4 Nf8 14. Qc2 Bd7 15.
Ne3 Qd8 16. Rad1 Qc8 17. Nd5 Qb7 18. Rd2 Bc6 19. dxe5 dxe5 20. Ra1 Bd7 21. Ne3
Be6 22. Rad1 Re7 23. Nd5 Rd7 24. Ne1 c6 25. Ne3 Rad8 26. Rxd7 Rxd7 27. Bf1 Rxd1
28. Qxd1 Qc7 29. Bc4 Bd7 30. Nd3 Be8 31. b4 Nd7 32. Bb3 Nf6 33. f3 b5 34. axb5
cxb5 35. bxa5 Qxc3 36. a6 Qd4 37. Kf2 h5 38. Ne1 Qa7 39. Qd6 Nd7 40. Nd3 Kh7
41. Qe7 Qd4 42. Ke2 Bh6 43. Nc2 Qc3 44. Qb4 Qc6 45. a7 Nb6 46. Qc5 Qxc5 47.
Nxc5 Bf8 48. Na6 Bc6 49. Ncb4 Bb7 50. Bxf7 Nc8 51. Bd5 Bxd5 52. Nxd5 Nxa7 53.
Nac7 Kg8 54. Kd3 Kf7 55. Kc3 1/2-1/2

[Event "International Championship of Central Serbia 2015 - OPEN Arbia 2015 - OPEN A"]
[Site "Paracin"]
[Date "2015.07.04"]
[Round "3.10"]
[White "Petrov, Vladimir Sergeev"]
[Black "Kadric, Denis"]
[Result "1/2-1/2"]
[WhiteElo "2307"]
[BlackElo "2511"]
[PlyCount "50"]
[EventDate "2015.07.03"]

1. e4 e5 2. Nf3 d6 3. d4 exd4 4. Nxd4 Nf6 5. Nc3 Be7 6. Bf4 O-O 7. Qd2 Nc6 8.
O-O-O Be6 9. f3 Nxd4 10. Qxd4 Nd7 11. Kb1 a6 12. g4 b5 13. Nd5 Bxd5 14. Qxd5
Nb6 15. Qd2 Qd7 16. g5 Rfd8 17. h4 Qc6 18. h5 d5 19. e5 Nc4 20. Qg2 Nxb2 21.
Kxb2 Ba3+ 22. Kb1 Qc3 23. Bc1 Qb4+ 24. Ka1 Qc3+ 25. Kb1 Qb4+ 1/2-1/2

[Event "International Championship of Central Serbia 2015 - OPEN Arbia 2015 - OPEN A"]
[Site "Paracin"]
[Date "2015.07.04"]
[Round "3.11"]
[White "Savic, Miodrag R"]
[Black "Radovic, Luka"]
[Result "1-0"]
[WhiteElo "2505"]
[BlackElo "2290"]
[PlyCount "101"]
[EventDate "2015.07.03"]

1. e4 c5 2. Nf3 Nc6 3. Bb5 g6 4. O-O Bg7 5. Re1 Nf6 6. c3 O-O 7. h3 d5 8. e5
Ne8 9. d4 Qb6 10. Bxc6 bxc6 11. dxc5 Qxc5 12. Be3 Qb5 13. Qc1 Nc7 14. Na3 Qb7
15. Bh6 c5 16. Nc2 Bf5 17. Bxg7 Kxg7 18. Ne3 Be6 19. Nf1 Rfb8 20. b3 a5 21. Ng3
h6 22. Rb1 Qc6 23. Qd2 Rb6 24. Rbc1 Qb7 25. c4 dxc4 26. bxc4 Rb2 27. Qe3 Qc6
28. Qa3 Rb4 29. Re4 Rd8 30. Qe3 Na6 31. Rh4 Rh8 32. a3 Rb2 33. Ne2 a4 34. Rc3
Bf5 35. Ng3 Bb1 36. Rg4 Qd7 37. Rc1 Rb3 38. Qf4 Qe6 39. Nd2 Bd3 40. Nxb3 axb3
41. Qd2 Bc2 42. Qc3 Rd8 43. Qb2 Rd3 44. Nh5+ Kh7 45. Nf4 Qxc4 46. Nxd3 Qxd3 47.
Rf4 Kg8 48. e6 f6 49. Rf3 Qd4 50. Rxb3 Bxb3 51. Qxb3 1-0

[Event "International Championship of Central Serbia 2015 - OPEN Arbia 2015 - OPEN A"]
[Site "Paracin"]
[Date "2015.07.04"]
[Round "3.12"]
[White "Cvetkovic, Srdjan"]
[Black "Zajic, Milan"]
[Result "1-0"]
[WhiteElo "2301"]
[BlackElo "2489"]
[PlyCount "121"]
[EventDate "2015.07.03"]

1. c4 e5 2. Nc3 Nc6 3. a3 a5 4. e3 Bc5 5. Nf3 Ba7 6. d4 exd4 7. exd4 d6 8. Nb5
Bb6 9. Be3 d5 10. c5 Ba7 11. Bd3 Bg4 12. O-O Nge7 13. Re1 Qd7 14. Bf4 Bb8 15.
h3 Bh5 16. Re3 Bg6 17. Qe2 f6 18. Re1 O-O 19. Bxg6 Nxg6 20. Bh2 Nce7 21. g4 Nc8
22. Re8 c6 23. Rxf8+ Nxf8 24. Nc3 Bxh2+ 25. Kxh2 b6 26. Nh4 Rb8 27. Na4 bxc5
28. dxc5 Qc7+ 29. Kg2 Qf4 30. Nc3 Rb7 31. Qe8 Qc7 32. Nf5 Rb8 33. Nd4 Na7 34.
Re7 Rxe8 35. Rxc7 Nb5 36. Ncxb5 cxb5 37. c6 Ne6 38. Nxe6 Rxe6 39. Rb7 Rxc6 40.
Rxb5 Rc2 41. Rxd5 a4 42. Rd4 Rxb2 43. Rxa4 Ra2 44. h4 h5 45. gxh5 Kh7 46. Ra8
Rc2 47. Kg3 Rc5 48. Kg4 Rc4+ 49. f4 Rc3 50. a4 Rc4 51. a5 Rc5 52. a6 Ra5 53. a7
Ra4 54. Kf5 Ra6 55. Ke4 Ra5 56. f5 Ra4+ 57. Kd5 Ra3 58. Ke6 Ra2 59. Ke7 Ra6 60.
Kf7 Ra5 61. h6 1-0

[Event "International Championship of Central Serbia 2015 - OPEN Arbia 2015 - OPEN A"]
[Site "Paracin"]
[Date "2015.07.04"]
[Round "3.13"]
[White "Kosic, Dragan"]
[Black "Marjanovics, Annamaria"]
[Result "1-0"]
[WhiteElo "2487"]
[BlackElo "2277"]
[PlyCount "67"]
[EventDate "2015.07.03"]

1. d4 Nf6 2. Bg5 e6 3. e4 h6 4. Bxf6 Qxf6 5. c3 d6 6. Bd3 g6 7. Ne2 Bg7 8. O-O
d5 9. e5 Qe7 10. f4 b6 11. Nd2 Bb7 12. b4 Nd7 13. a4 c5 14. Qb1 c4 15. Bc2 a6
16. Nf3 O-O-O 17. Ng3 Rdg8 18. Qe1 Bf8 19. Rf2 Qd8 20. Nf1 Be7 21. Ne3 h5 22.
Qe2 Qf8 23. Raf1 Qg7 24. Nd2 Bf8 25. Nexc4 dxc4 26. Qxc4+ Kb8 27. Be4 Be7 28.
Bxb7 Kxb7 29. b5 axb5 30. Qxb5 Kc7 31. Nc4 Rb8 32. a5 bxa5 33. Qxa5+ Kc6 34.
Qa7 1-0

[Event "International Championship of Central Serbia 2015 - OPEN Arbia 2015 - OPEN A"]
[Site "Paracin"]
[Date "2015.07.04"]
[Round "3.14"]
[White "Vujacic, Borivoje"]
[Black "Smith, Bryan G"]
[Result "1/2-1/2"]
[WhiteElo "2262"]
[BlackElo "2479"]
[PlyCount "51"]
[EventDate "2015.07.03"]

1. e4 c5 2. Nf3 e6 3. d4 cxd4 4. Nxd4 a6 5. Bd3 Nf6 6. Nc3 d6 7. f4 b5 8. a3
Bb7 9. Qe2 g6 10. Bd2 Bg7 11. Nf3 O-O 12. O-O Nbd7 13. Kh1 Rc8 14. Rad1 Nc5 15.
e5 Nd5 16. Ne4 Nxd3 17. Qxd3 dxe5 18. fxe5 Qc7 19. Nd6 Rcd8 20. Ba5 Qxa5 21.
Nxb7 Qc7 22. Nxd8 Rxd8 23. Qe4 h6 24. h4 Rc8 25. Rf2 Qb6 26. Re2 1/2-1/2

[Event "International Championship of Central Serbia 2015 - OPEN Arbia 2015 - OPEN A"]
[Site "Paracin"]
[Date "2015.07.04"]
[Round "3.15"]
[White "Petrov, Martin"]
[Black "Mohammad, Nubairshah Shaikh"]
[Result "1/2-1/2"]
[WhiteElo "2276"]
[BlackElo "2423"]
[PlyCount "109"]
[EventDate "2015.07.03"]

1. e4 c5 2. Nf3 e6 3. d4 cxd4 4. Nxd4 a6 5. c4 Nf6 6. Nc3 Qc7 7. a3 Nxe4 8.
Nxe4 Qe5 9. Be2 Qxe4 10. O-O Nc6 11. Be3 Be7 12. Nf3 Qg6 13. b4 d6 14. Bb6 e5
15. Re1 O-O 16. b5 axb5 17. cxb5 Nd8 18. Bd3 Bf5 19. Bxf5 Qxf5 20. Bxd8 Rfxd8
21. Qd5 Qd7 22. a4 Rac8 23. Rac1 b6 24. h3 Qa7 25. Rc4 Qa8 26. Qxa8 Rxa8 27.
Ra1 d5 28. Rc6 e4 29. Nd2 Rd6 30. Nb3 Kf8 31. Rd1 Rxc6 32. bxc6 Rxa4 33. c7 Ra8
34. Rxd5 Rc8 35. Rb5 Rxc7 36. Rxb6 g6 37. g4 Rc2 38. Rb8+ Kg7 39. Re8 Bh4 40.
Rxe4 Bxf2+ 41. Kf1 Ba7 42. Nd4 Rh2 43. Nc6 Bc5 44. Rc4 Bd6 45. Rc3 Rd2 46. Rf3
f6 47. Nd8 Be5 48. Ne6+ Kf7 49. Ng5+ Ke7 50. Nxh7 g5 51. Rf5 Ke6 52. Nf8+ Kf7
53. Nh7 Ke6 54. Nf8+ Kf7 55. Nh7 1/2-1/2

[Event "International Championship of Central Serbia 2015 - OPEN Arbia 2015 - OPEN A"]
[Site "Paracin"]
[Date "2015.07.04"]
[Round "3.16"]
[White "Baglan, Esat"]
[Black "Martynov, Pavel"]
[Result "1-0"]
[WhiteElo "2257"]
[BlackElo "2385"]
[PlyCount "83"]
[EventDate "2015.07.03"]

1. e4 e6 2. d4 d5 3. Nd2 Be7 4. e5 c5 5. c3 Nc6 6. Bd3 Qb6 7. Ndf3 cxd4 8. cxd4
Bb4+ 9. Kf1 Bd7 10. Ne2 f6 11. a3 Bf8 12. b4 Rc8 13. g3 fxe5 14. dxe5 Nh6 15.
Bxh6 gxh6 16. Nf4 Bg7 17. Kg2 Qd8 18. Re1 Qe7 19. Qb1 Kd8 20. Ra2 Qf7 21. Rae2
Ne7 22. b5 b6 23. a4 Bf8 24. Nd4 h5 25. a5 Rg8 26. Kh1 h4 27. Qa1 Ng6 28. Bxg6
hxg6 29. axb6 axb6 30. Nxd5 Bxb5 31. Re3 exd5 32. e6 Qxf2 33. Qa7 Rg7 34. Qxb6+
Ke7 35. Qb7+ Kf6 36. Qxc8 Kg5 37. Nf3+ Kh6 38. Qxf8 h3 39. Qf4+ g5 40. Qf6+ Kh5
41. g4+ Kxg4 42. Rg1+ 1-0

[Event "International Championship of Central Serbia 2015 - OPEN A"]
[Site "Paracin, hotel Petrus"]
[Date "2015.07.04"]
[Round "3.17"]
[White "Radovanovic, Mihajlo"]
[Black "Zivkovic, Ivan B"]
[Result "1-0"]
[WhiteElo "2245"]
[BlackElo "2347"]
[PlyCount "69"]
[EventDate "2015.07.03"]

1. d4 Nf6 2. Nf3 g6 3. c4 Bg7 4. g3 d6 5. Bg2 O-O 6. O-O c6 7. Nc3 Qa5 8. h3
Be6 9. Nd2 d5 10. Nb3 Qd8 11. Nc5 Bc8 12. cxd5 cxd5 13. Bg5 Nc6 14. e3 e6 15.
Nd3 h6 16. Bxf6 Bxf6 17. b4 b6 18. Qb3 Bb7 19. Rfc1 Qe7 20. a4 Rfc8 21. a5 Nb8
22. Rc2 bxa5 23. bxa5 Na6 24. Rac1 Rab8 25. Qa4 Rc4 26. Qa2 Qe8 27. Rb1 Bc6 28.
Ne4 dxe4 29. Rxc4 Bd5 30. Rxb8 Qxb8 31. Nf4 Nb4 32. Qb3 Bxc4 33. Qxc4 Bd8 34.
Bxe4 Bxa5 35. Nxg6 1-0

[Event "International Championship of Central Serbia 2015 - OPEN A"]
[Site "Paracin, hotel Petrus"]
[Date "2015.07.04"]
[Round "3.18"]
[White "Injac, Teodora"]
[Black "Filev, Georgi"]
[Result "0-1"]
[WhiteElo "2165"]
[BlackElo "2344"]
[PlyCount "98"]
[EventDate "2015.07.03"]

1. Nf3 f5 2. g3 Nf6 3. Bg2 g6 4. O-O Bg7 5. d4 O-O 6. b3 d6 7. Bb2 c6 8. c4 Na6
9. Nbd2 Qc7 10. a3 Re8 11. b4 e5 12. c5 e4 13. cxd6 Qxd6 14. Nc4 Qe7 15. Nfe5
Be6 16. Qc2 Nc7 17. Rfc1 Bh6 18. e3 Bd5 19. a4 Rac8 20. Rab1 Ne6 21. Ba3 Bf8
22. Na5 Qg7 23. Qb2 Ng4 24. Nxg4 fxg4 25. Nc4 Ng5 26. Nd2 Rc7 27. b5 Rf7 28.
bxc6 bxc6 29. Rc2 Qh6 30. Nf1 Rf5 31. Bxf8 Rexf8 32. Qc1 Qg7 33. a5 Qf7 34.
Rbb2 Nh3+ 35. Bxh3 gxh3 36. Rd2 Bc4 37. Rdc2 Rxa5 38. f4 exf3 39. Kf2 Bd5 40.
Nd2 Re8 41. Nc4 Bxc4 42. Rxc4 Ra3 43. Rxc6 Raxe3 44. Rc8 Re2+ 45. Kf1 Rxb2 46.
Rxe8+ Qxe8 47. Qxb2 Qe2+ 48. Qxe2 fxe2+ 49. Kxe2 Kf7 0-1

[Event "International Championship of Central Serbia 2015 - OPEN A"]
[Site "Paracin, hotel Petrus"]
[Date "2015.07.04"]
[Round "3.19"]
[White "Marholev, Dimitar"]
[Black "Ozalp, Burak"]
[Result "1-0"]
[WhiteElo "2317"]
[BlackElo "2113"]
[PlyCount "74"]
[EventDate "2015.07.03"]

1. e4 c5 2. Nc3 e6 3. Nge2 Nc6 4. d4 cxd4 5. Nxd4 Nf6 6. Nxc6 bxc6 7. e5 Nd5 8.
Ne4 Qc7 9. f4 Qb6 10. c4 Bb4+ 11. Ke2 Ba6 12. Kf3 f5 13. Nf2 Ne7 14. Be3 Bc5
15. Bxc5 Qxc5 16. Qd6 Qb6 17. b3 Rd8 18. Nd3 Kf7 19. Be2 Rhg8 20. h4 g6 21. Qc5
h6 22. Rad1 Rg7 23. Kf2 Bc8 24. Bf3 Rdg8 25. Qxb6 axb6 26. a4 g5 27. hxg5 hxg5
28. g3 gxf4 29. gxf4 Ke8 30. a5 bxa5 31. Nc5 Ng6 32. Ke3 Ke7 33. Ra1 d6 34. Nd3
dxe5 35. fxe5 Nh8 36. Rxa5 Nf7 37. Ra7+ Bd7 1-0

[Event "International Championship of Central Serbia 2015 - OPEN A"]
[Site "Paracin, hotel Petrus"]
[Date "2015.07.04"]
[Round "3.20"]
[White "Stefanov, Emil"]
[Black "Carnic, Srdjan"]
[Result "1/2-1/2"]
[WhiteElo "2088"]
[BlackElo "2317"]
[PlyCount "45"]
[EventDate "2015.07.03"]

1. d4 Nf6 2. c4 e6 3. Nf3 b6 4. g3 Ba6 5. Qa4 Bb7 6. Bg2 c5 7. dxc5 bxc5 8. O-O
Be7 9. Nc3 O-O 10. Rd1 Qb6 11. Bf4 d6 12. Rab1 Bc6 13. Qa3 Ne4 14. Nd4 cxd4 15.
Nxe4 Rd8 16. Rbc1 Na6 17. Bxd6 Bxd6 18. c5 Nxc5 19. Nxd6 Rxd6 20. Qxc5 Bxg2 21.
Kxg2 Qb7+ 22. Kg1 Rd5 23. Qc6 1/2-1/2

[Event "International Championship of Central Serbia 2015 - OPEN A"]
[Site "Paracin, hotel Petrus"]
[Date "2015.07.04"]
[Round "3.21"]
[White "Vavulin, Maksim"]
[Black "Budimir, Boris"]
[Result "0-1"]
[WhiteElo "2445"]
[BlackElo "2236"]
[PlyCount "164"]
[EventDate "2015.07.03"]

1. e4 e5 2. Nf3 Nc6 3. Bb5 a6 4. Ba4 Nf6 5. d3 b5 6. Bb3 Be7 7. O-O O-O 8. a4
b4 9. c3 bxc3 10. bxc3 d5 11. Qe2 dxe4 12. dxe4 Na5 13. Bc2 Bd6 14. Bg5 Qe7 15.
Nbd2 h6 16. Bh4 Qe6 17. Rfb1 Nh5 18. Bg3 Nxg3 19. hxg3 Qe7 20. Nf1 Bc5 21. Rd1
Bb7 22. Rab1 Bc6 23. g4 Bb6 24. g3 g6 25. Ne3 Bxe3 26. Qxe3 Kg7 27. Rb4 f6 28.
Rdb1 Bd7 29. Rd1 c5 30. Rxd7 Qxd7 31. Qxc5 Nc6 32. Rb6 Rfc8 33. Qd5 Qxd5 34.
exd5 Nd8 35. Nh4 Rcb8 36. Rd6 Nf7 37. Re6 Re8 38. Bxg6 Rxe6 39. dxe6 Nd6 40. c4
Nc8 41. Be8 Ne7 42. Bd7 Kf8 43. Ng2 Rb8 44. Kf1 Nc8 45. a5 Ne7 46. Ne3 Rb3 47.
Ke2 Ra3 48. Kd2 Rxa5 49. Kc3 Ra3+ 50. Kb2 Ra5 51. Kb3 Ra1 52. c5 Rc1 53. Kb4
a5+ 54. Kb5 a4 55. Nc4 Nd5 56. c6 Nc7+ 57. Kb4 Ke7 58. Ne3 Nxe6 59. Nf5+ Kf7
60. Nh4 Ke7 61. Nf5+ Kf7 62. Nd6+ Ke7 63. Nc8+ Kf7 64. Kxa4 Nd4 65. Nd6+ Kf8
66. Ne4 Ke7 67. Kb4 Nxc6+ 68. Bxc6 Rxc6 69. f4 Ke6 70. Nc3 Rd6 71. Kc5 Rd4 72.
Ne2 Rd3 73. Kc4 Re3 74. Nc3 Rxg3 75. g5 exf4 76. gxf6 Re3 77. Kd4 Re1 78. Ne4
Ra1 79. Kd3 Ra3+ 80. Kd4 f3 81. Nf2 Kxf6 82. Ke4 Kg5 0-1

[Event "International Championship of Central Serbia 2015 - OPEN A"]
[Site "Paracin, hotel Petrus"]
[Date "2015.07.04"]
[Round "3.22"]
[White "Radlovacki, Jovan"]
[Black "Djokic, Nebojsa"]
[Result "1-0"]
[WhiteElo "2393"]
[BlackElo "2224"]
[PlyCount "49"]
[EventDate "2015.07.03"]

1. e4 c5 2. Nf3 Nc6 3. Bb5 g6 4. Bxc6 dxc6 5. d3 Bg7 6. h3 Nf6 7. Be3 h6 8. Nc3
Nd7 9. Qd2 e5 10. O-O Qe7 11. Nh2 b6 12. a3 Ba6 13. b4 g5 14. Ne2 c4 15. Ng3
Qe6 16. Nf5 Bf8 17. Rfd1 cxd3 18. cxd3 Nf6 19. Qc3 Rg8 20. Nf3 Nd7 21. Rac1 Rc8
22. d4 f6 23. b5 Bb7 24. bxc6 Rxc6 25. d5 1-0